Online
Catalog

Podemos I / (Record no. 45695)

MARC details
000 -CABECERA
campo de control de longitud fija 00666nam a2200169 a 4500
001 - NÚMERO DE CONTROL
campo de control 000046206
005 - FECHA Y HORA DE LA ÚLTIMA TRANSACCIÓN
campo de control 20201002052716.0
008 - DATOS DE LONGITUD FIJA--INFORMACIÓN GENERAL
campo de control de longitud fija 150706s1982 dr ac 000 0 spa d
040 ## - FUENTE DE LA CATALOGACIÓN
Centro catalogador/agencia de origen DO-SdBNP
Lengua de catalogación spa
Centro/agencia transcriptor BNPHU
082 ## - NÚMERO DE LA CLASIFICACIÓN DECIMAL DEWEY
Número de clasificación xxxx
Número de documento/Ítem xxxx
100 1# - ENTRADA PRINCIPAL--NOMBRE DE PERSONA
Nombre de persona Suárez Marill, Mario
9 (RLIN) 18218
245 10 - MENCIÓN DE TÍTULO
Título Podemos I /
Mención de responsabilidad, etc. Mario Suárez Marill, Tenaida Camilo de Morillo.
260 ## - PUBLICACIÓN, DISTRIBUCIÓN, ETC.
Lugar de publicación, distribución, etc. Santo Domingo :
Nombre del editor, distribuidor, etc. Secretaría de Estado de Educación. Bellas Artes y Cultos,
Fecha de publicación, distribución, etc. 1982.
300 ## - DESCRIPCIÓN FÍSICA
Extensión 16 p. :
Otras características físicas il.,retrs. ;
Dimensiones 26 cm.
500 ## - NOTA GENERAL
Nota general Programa de educación ciudadana
500 ## - NOTA GENERAL
Nota general El programa especial de de Educación ciudadana fué creado mediante el decreto 210, de septiembre 8 de 1982
Holdings
Estado de retiro Estado de pérdida No para préstamo Código de colección Localización permanente Ubicación/localización actual Ubicación en estantería Fecha de adquisición Número de inventario Total de préstamos Signatura topográfica completa Código de barras Fecha visto por última vez Precio válido a partir de Tipo de ítem Koha Nota pública
    Excluido de préstamo Patrimonio Dominicano Patrimonio Dominicano Patrimonio Dominicano Depósito 06.07.2015 LF1   xxxx xxxx 46206-10 25.06.2020 25.06.2020 Libro y Folleto Colección Patrimonio Dominicano Perteneció a la biblioteca personal de Chiqui Vicioso / Fidelio Despradel.

Powered by Koha